| 000 | 00805nam a22002057a 4500 | ||
|---|---|---|---|
| 999 |
_c18022 _d18022 |
||
| 003 | AR-CdUCM | ||
| 008 | 190511b ||||| |||| 00| 0 spa d | ||
| 040 |
_aMUNICIPALIDAD PROVINCIAL DEL CUSCO _cBIBLIOTECA MUNICIPAL DEL CUSCO |
||
| 082 |
_a787.6 / _bB38 |
||
| 100 |
_aBenavente Díaz, Julio Cesar _938352 |
||
| 245 |
_aCharango i quena : _bpor el método de carteles de visuación auditiva / |
||
| 260 |
_aCusco : _bCultura andina, _c1976. |
||
| 300 |
_a93 paginas ; _c20 cm. |
||
| 505 | _aContenido : Exposición de motivos -- Que es la quena -- Descripción de la quena y que es el charango -- Descripción de la quena -- Fijación de las notas... | ||
| 650 |
_a Musica _91443 |
||
| 650 |
_aMelodias _938353 |
||
| 650 |
_aEl charanago _938354 |
||
| 942 |
_2ddc _cLIBROS |
||
| 945 |
_awnts _d2019-05-11 |
||